BUBT Library Online Catalog

Trade the Engine of Growth in East Asia (Record no. 1939)

000 -LEADER
fixed length control field 00705nam a2200229Ia 4500
003 - CONTROL NUMBER IDENTIFIER
control field BUBTL
008 - FIXED-LENGTH DATA ELEMENTS--GENERAL INFORMATION
fixed length control field 151213s9999 xx 000 0 und d
020 ## - INTERNATIONAL STANDARD BOOK NUMBER
International Standard Book Number 0-19-507895-0
082 ## - DEWEY DECIMAL CLASSIFICATION NUMBER
Classification number 382.0951/CHT
100 ## - MAIN ENTRY--PERSONAL NAME
Personal name Peter .Y.Chow , Mitchell H. Kellman
9 (RLIN) 3124
245 ## - TITLE STATEMENT
Title Trade the Engine of Growth in East Asia
Statement of responsibility, etc. Peter .Y.Chow , Mitchell H. Kellman
250 ## - EDITION STATEMENT
Edition statement 1st
260 ## - PUBLICATION, DISTRIBUTION, ETC. (IMPRINT)
Place of publication, distribution, etc. U.S.A
Name of publisher, distributor, etc. Oxford
Date of publication, distribution, etc. c1993
300 ## - PHYSICAL DESCRIPTION
Extent [xii] , 172p . :
Other physical details ill . Table ;23cm .
500 ## - GENERAL NOTE
General note Includes Index
650 ## - SUBJECT ADDED ENTRY--TOPICAL TERM
Topical term or geographic name as entry element Business Economics
9 (RLIN) 3125
650 ## - SUBJECT ADDED ENTRY--TOPICAL TERM
Topical term or geographic name as entry element Economics
9 (RLIN) 3126
700 ## - ADDED ENTRY--PERSONAL NAME
Personal name Peter .Y.Chow , Mitchell H. Kellman
9 (RLIN) 3124
856 ## - ELECTRONIC LOCATION AND ACCESS
Password 0
Logon 0
Link text Download
942 ## - ADDED ENTRY ELEMENTS (KOHA)
Source of classification or shelving scheme
Koha item type Books
Holdings
Withdrawn status Lost status Source of classification or shelving scheme Damaged status Not for loan Collection code Permanent location Current location Shelving location Date acquired Inventory number Total Checkouts Full call number Barcode Date last seen Copy number Price effective from Koha item type
          Non-fiction Bangladesh University of Business and Technology Library Bangladesh University of Business and Technology Library Economics Stacks 06/10/2020 2728   382.0951/CHT BUBTL-20032728 06/10/2020 C-1 06/10/2020 Books

More Information About Library

Library Hours

  • Open: 9.00 am. to 9.00 pm.
  • Only Sunday: 9.00 am. to 6.00 pm.
  • Closed: Holiday

Contact to the University

Bangladesh University of Business and Technology Library

  • Mirpurl-2, 1216.
  • Phone:
  • Fax:
  • E-Mail: admin.library@bubt.edu.bd

Contact to the Library

Contact Person:

Md. Abdul Hakim Shah
Joint Librarian
PABX No:  113
Cell No: 01816332931
E-mail: official: admin.library@bubt.edu.bd
Personal: hakim.shah@bubt.edu.bd


BUBT Library

Copyright © 2021